| 000 | 00908cam a2200229 a 4500 | ||
|---|---|---|---|
| 001 | 000006975 | ||
| 005 | 20200929154033.0 | ||
| 008 | 850618s1984 nq b b 001 0 spa | ||
| 040 |
_aDO-SdBNP _bspa _cBNPHU |
||
| 082 |
_a320.7285 _bS217p |
||
| 100 | 1 |
_aSandino, Augusto César, _d1895-1934. _910682 |
|
| 245 | 1 | 3 |
_aEl pensamiento vivo / _cAugusto César Sandino ; introducción, selección y notas de Sergio Ramírez ; edición Manuel Mejía. |
| 260 |
_aManagua, Nicaragua : _bEditorial Nueva Nicaragua, _c1984. |
||
| 300 |
_a2 v. : _bil., mapa ; _c21 cm. |
||
| 490 | 1 |
_aPensamiento vivo _v4 |
|
| 504 | _aIncluye referencias bibliográficas (p. 513) | ||
| 651 | 4 |
_aNicaragua _xPolítica Y Gobierno _y1909-1937. _99715 |
|
| 651 | 0 |
_aNicaragua _xHistoria _yREVOLUCIÓN, 1926-1929. _919390 |
|
| 700 | 1 |
_aRamírez, Sergio, _d1942- _917566 |
|
| 700 | 1 |
_aMejía, Manuel _eed. _9723 |
|
| 830 | 0 |
_aPensamiento vivo _n4 _919391 |
|
| 999 |
_c6759 _d6759 |
||